| 000 | 01258nam2a2200289 4500 | ||
|---|---|---|---|
| 001 | rc\3015617 | ||
| 005 | 20110925230511.7 | ||
| 035 | _a(NLR Aleph) 007157938 | ||
| 090 |
_a13618247 _c13618247 |
||
| 100 | _a20080304d1934 |||y0rusy50 ca | ||
| 101 | 0 | _arus | |
| 102 | _aRU | ||
| 105 | _ay z ||||| | ||
| 200 | 1 |
_aМетизы _fСост. инженером И.Р. Гринберг, инженером К.В. Безбородовым, инженером П.С. Прудниковым _gРед. отд. инженер Б.А. Мощицкий |
|
| 210 | _d1934 | ||
| 215 |
_aОбл., 188, [2] с. _d24х17 см |
||
| 461 | 0 |
_1001rc\3015613 _12001#$aЦенник на материалы для капитального строительства ...$eВып. 1-$fРедкол.: Заромский И.М. (отв. ред.), Сельцовский С.Н. ..., Мощицкий Б.А. [и др.]$vВып. 9 |
|
| 702 | 1 |
_aГринберг _bИ. Р. _4220 |
|
| 702 | 1 |
_aПрудников _bП. С. _4220 |
|
| 702 | 1 |
_aБезбородов _bК. В. _4220 |
|
| 702 | 1 |
_aМощицкий _bБ. А. _4340 |
|
| 702 | 1 |
_aШефтель _bЕ. Н. _4340 |
|
| 801 | 0 |
_aRU _bNLR _gpsbo |
|
| 801 | 1 |
_aRU _bELAR _2rusmarc |
|
| 852 |
_aNLR _j34-19/441(9) |
||
| 942 | _cBOOK | ||
| 980 | _aNB | ||